LEADER 01072nam--2200373---450- 001 990003693500203316 005 20121002102335.0 010 $a978-88-430-6256-0 035 $a000369350 035 $aUSA01000369350 035 $a(ALEPH)000369350USA01 035 $a000369350 100 $a20121002d2012----km-y0itay50------ba 101 $aita 102 $aIT 105 $a||||||||001yy 200 1 $a<> volti della Turchia$ecome cambia un paese antico$fAdrians Destro 210 $aRoma$cCarocci$d2012 215 $a295 p.$d22 cm 225 2 $aFrecce$v124 410 0$aFrecce$v, 124 606 0 $aSocietà$yTurchia$z1990-2010$2BNCF 676 $a306.09561 700 1$aDESTRO,$bAdriana$0142258 801 0$aIT$bsalbc$gISBD 912 $a990003693500203316 951 $aII.5. 7218$b236307 L.M.$cII.5.$d00058675 959 $aBK 969 $aUMA 979 $aCHIARA$b90$c20121002$lUSA01$h0933 979 $aCHIARA$b90$c20121002$lUSA01$h1021 979 $aCHIARA$b90$c20121002$lUSA01$h1023 996 $aVolti della Turchia$91142046 997 $aUNISA LEADER 01045nam a22002651i 4500 001 991002756379707536 005 20040429151600.0 008 040624s1976 fr a||||||||||||||||fre 035 $ab12973257-39ule_inst 035 $aARCHE-093093$9ExL 040 $aDip.to Beni Culturali$bita$cA.t.i. Arché s.c.r.l. Pandora Sicilia s.r.l. 082 04$a737.4 100 1 $aGiard, Jean Baptiste$0287928 245 10$aAuguste /$cpar Jean-Baptiste Giard 260 $aParis :$bBibliothèque nationale,$c1976 300 $a258 p. :$bill. ;$c31 cm 440 0$aCatalogue des monnaies de l'Empire romain ;$v1 650 4$aMonete romane$vCataloghi 710 2 $aBibliothèque nationale .$bDépartement des monnaies médailles et antiques 907 $a.b12973257$b02-04-14$c12-07-04 912 $a991002756379707536 945 $aLE001 N IV 21$g1$i2001000083435$lle001$nV. 1. - C. 1$o-$pE0.00$q-$rl$s- $t0$u0$v0$w0$x0$y.i13576422$z12-07-04 996 $aAuguste$9279625 997 $aUNISALENTO 998 $ale001$b12-07-04$cm$da $e-$ffre$gfr $h0$i1